School readiness and the transition to kindergarten in the era of accountability /

Bibliographic Details
Other Authors: Pianta, Robert C., Cox, Martha J., Snow, Kyle LaBrie, 1969-
Format: Book
Language:English
Published: Baltimore, Md. : Paul H. Brookes Pub., [2007]
Subjects:
Online Access:Table of contents only

MARC

Tag First Indicator Second Indicator Subfields
LEADER 00000cam a2200000 a 4500
001 in00002249062
005 20151105055818.0
008 061206s2007 mdua b 001 0 eng
010 |a  2006100698 
020 |a 9781557668905 
020 |a 1557668906 
029 1 |a YDXCP  |b 2532055 
035 |a (OCoLC)ocm76939991 
035 |a (OCoLC)76939991 
040 |a DLC  |c DLC  |d BTCTA  |d BAKER  |d YDXCP  |d C#P  |d UtOrBLW 
043 |a n-us--- 
049 |a TXAM 
050 0 0 |a LB1132  |b .S325 2007 
082 0 0 |a 372.21/8  |2 22 
245 0 0 |a School readiness and the transition to kindergarten in the era of accountability /  |c edited by Robert C. Pianta, Martha J. Cox, and Kyle L. Snow. 
246 1 4 |a School readiness & the transition to kindergarten in the era of accountability 
264 1 |a Baltimore, Md. :  |b Paul H. Brookes Pub.,  |c [2007] 
264 4 |c ©2007 
300 |a xix, 364 pages :  |b illustrations ;  |c 26 cm. 
336 |a text  |b txt  |2 rdacontent 
337 |a unmediated  |b n  |2 rdamedia 
338 |a volume  |b nc  |2 rdacarrier 
504 |a Includes bibliographical references and index. 
650 0 |a Readiness for school  |z United States. 
650 0 |a Kindergarten  |z United States. 
700 1 |a Pianta, Robert C. 
700 1 |a Cox, Martha J. 
700 1 |a Snow, Kyle LaBrie,  |d 1969- 
856 4 1 |3 Table of contents only  |u http://www.loc.gov/catdir/toc/ecip076/2006100698.html  |t 0 
938 |a Baker and Taylor  |b BTCP  |n 2006100698 
938 |a Baker & Taylor  |b BKTY  |c 39.95  |d 39.95  |i 1557668906  |n 0007090435  |s active 
938 |a YBP Library Services  |b YANK  |n 2532055 
945 |a PromptCat  |b 170139 
946 |a stk 
947 |a A14836211547 
948 |a cataloged  |b h  |c 2007/7/9  |d c  |e achopde  |f 4:03:02 pm 
994 |a 92  |b TXA 
999 |a MARS 
999 f f |s 39725954-ad4e-3942-9b3e-6a20123ac3e4  |i 009c1832-41e9-3c64-8b41-006be20c2454  |t 0 
952 f f |p normal  |a Texas A&M University  |b College Station  |c Sterling C. Evans Library  |d Evans: Library Stacks  |t 0  |e LB1132 .S325 2007  |h Library of Congress classification  |i unmediated -- volume  |m A14836211547 
998 f f |a LB1132 .S325 2007  |t 0  |l Evans: Library Stacks